Докладная записка и заявление коллежского секретаря Мышкина о новом средстве борьбы с засухой, с приложением проекта прибора

Доступно только в Электронных читальных залах Найти на картеНа карте
RUSMARC
00003653nmc2a22002293x 450
0012d61c4a2-d07f-4260-9ff8-db166c9fc76a
00520210426124752.0
100##$a20210113l19011901k l0rusy0189 ca
1010#$arus
102##$aRU
105##$ay###
1220#$ad
2001#$aДокладная записка и заявление коллежского секретаря Мышкина о новом средстве борьбы с засухой, с приложением проекта прибора
$j3 октября 1901 г.
215##$a8 л.
$d36,5х26 см
251##$cДело
371##$aДокумент не является опубликованным и широко распространяемым
461#0$10018c587c29-db4f-47aa-8abc-2c1772aee2f7
$12001
$aДокладные записки, справки, акты и переписка о передаче в казну Караязского имения Тифлисской губернии, принадлежащего обществу восстановления христианства на Кавказе
$1251
$cДело
$1852
$j695
462#0$10011ad45bc4-c305-4a1e-a4f9-e0213db6ead5
$12001
$aОпись № 1
$1251
$cОпись
$1852
$j1
801#0$aRU
$bРГИА
$c20210113
$gRCR
801#1$aRU
$bГлавНИВЦ
$c20210113
$2rusmarc
801#2$aRU
$bПБ им. Б.Н. Ельцина
$c20210426
$gRCR
$2rusmarc
850##$aРГИА
852##$aРГИА
$eФедеральное казенное учреждение "Российский государственный исторический архив" (РГИА)
$j411
937##$hРГИА
$d12355520
$aASBIBLIO_SCAN
035##$aRusGRCC00018785
856##$uhttp://readingroom.main.prlib.ru/item.aspx?id_node=n163323949&mode=full
Формат отображения